[Event "LXXI ch-ESP KO 3rd-4th"]
[Site "Leon ESP"]
[Date "2006.11.29"]
[Round "2.1"]
[White "Gomez Esteban,J"]
[Black "Perez Candelario,Man"]
[Result "1-0"]
[WhiteElo "2486"]
[BlackElo "2496"]
[EventDate "2006.11.27"]

1. d4 d5 2. c4 e6 3. Nc3 Nf6 4. Nf3 dxc4 5. e4 Bb4 6. Bg5 b5 7. a3 Bxc3+ 8.
bxc3 h6 9. Bxf6 gxf6 10. a4 c6 11. g3 Bb7 12. Bg2 Nd7 13. O-O a6 14. Nh4
Qe7 15. d5 Ne5 16. d6 Qd8 17. f4 Nd3 18. e5 fxe5 19. fxe5 Qg5 20. Nf3 Qe3+
21. Kh1 c5 22. Ra2 Rd8 23. Re2 Bxf3 24. Rxf3 Qg5 25. axb5 axb5 26. Rxd3
cxd3 27. Bc6+ Kf8 28. Qxd3 b4 29. cxb4 cxb4 30. Kg2 Kg7 31. Qd4 Rb8 32. h4
Qg6 33. Be4 Qg4 34. Rf2 Rhf8 35. Rf4 Qe2+ 36. Rf2 Qg4 37. Qe3 Rb5 38. Rf6
Qh5 39. Bf3 Qxe5 40. Qxh6+ Kg8 41. d7 Rd5 42. Bxd5 Qxd5+ 43. Kh2 Ra8 44.
Rf2 Ra1 45. d8=Q+ Qxd8 46. Qh5 Qe7 47. Rf4 Ra2+ 48. Kh3 f5 49. Qg6+ Kf8 50.
Rc4 Ra8 51. Qh6+ Qg7 52. Qxe6 Qf7 53. Qd6+ Qe7 54. Qd5 Ra6 55. Qxf5+ Rf6
56. Rc8+ Kf7 57. Qh7+ Ke6 58. Rc6+ Kd7 59. Rc7+ 1-0